Movies Quiz

Random Movies or Quote Quiz
Score 0/24 Timer 09:00
1 Play Today
% Correct
Male Model
85.3%
Archaeologist
84.8%
Emperor
84.7%
Pirate
84.4%
Police Officer
76.5%
Caretaker
75.5%
Truck driver
74.4%
Superhero
72.7%
Chief of police
71.7%
Avon representative
71.4%
Magician
70.8%
Scientist
69.4%
% Correct
Cabaret Dancer
68.5%
Businessman
64.4%
Nerf-Herder
64.4%
Henchman
63.2%
Doctor
62.1%
Census Taker
59%
Software Engineer
56.8%
Colonist
51.9%
Gladiator
50%
Animator
43.9%
Shepherd
35.2%
Engineer
32%
Remove Ads.
Support Sporcle.
Get the best of Sporcle when you Go Orange. This ad-free experience offers more features, more stats, and more fun while also helping to support Sporcle. Thank you for becoming a member.

You're not logged in!

Compare scores with friends on all Sporcle quizzes.
OR
Log In

Show Comments

Extras

Top Quizzes Today


Score Distribution

Your Account Isn't Verified!

In order to create a playlist on Sporcle, you need to verify the email address you used during registration. Go to your Sporcle Settings to finish the process.

Report this User

Report this user for behavior that violates our Community Guidelines.

Details: